000
00307nam a22001217a 4500
020
_a
978-93-91047-45-0
082
_a
920/GHO
100
_a
Ghosh,Kunal
_9
83952
245
_a
Unsung genius a life of jagadish chandra bose
260
_a
New delhi
_b
Aleph book company
_c
2022
650
_a
Biography
942
_c
BK
999
_c
68967
_d
68967